| 000 | 01301nam0a2200313 4500 | ||
|---|---|---|---|
| 001 | RU\NLR\bibl\1329065 | ||
| 005 | 20260407201748.0 | ||
| 021 |
_aRU _b2008-100175 _95890 |
||
| 035 | _a(NLR Aleph) 001314325 | ||
| 090 |
_a699405 _c699405 |
||
| 100 | _a20090212d2008 |||y0rusy50 ca | ||
| 101 | 0 |
_arus _aeng |
|
| 102 | _aRU | ||
| 105 | _aa ||||||||| | ||
| 200 | 1 |
_aМосковское гостеприимство _e[материалы выставки _fвступ. ст. Сергей Марков] |
|
| 210 |
_a[Москва] _c[б.и] _d2008 |
||
| 215 |
_a63, [1] с. _cцв. ил. _d22 |
||
| 300 | _aТекст парал. на рус. и англ. яз. | ||
| 607 |
_aМосква, город _xв изобразительном искусстве русском _92297006 _3RU\NLR\auth\661375392 |
||
| 607 |
_aМосква, город _jАльбомы _91187077 _3RU\NLR\auth\66160741 |
||
| 686 | _aТ3(2-2М)я61 | ||
| 686 | _aЩ103(2Р=Рус)-3 | ||
| 711 | 1 | 2 |
_4070 _a"Московское гостеприимство", выставка _f2008 _eМосква _3RU\NLR\AUTH\8810132866 _9762056 |
| 801 | 0 |
_aRU _bNLR _c20090212 _gRCR |
|
| 801 | 1 |
_aRU _bNLR _c20090212 |
|
| 942 | _cBOOK | ||
| 980 | _aNB | ||